Gestión de proyectos en información y documentación /
Contiene: 1) ¿Qué es un proyecto?; 2) Estructura de un proyecto; 3) Métodos y técnicas de recogida de datos; 4) Financiación de proyectos; 5) Conclusiones: el decálogo del buen proyecto.
保存先:
| 第一著者: | |
|---|---|
| フォーマット: | 図書 |
| 言語: | スペイン語 |
| 出版事項: |
Gijón, España :
Trea,
2004, c2004
|
| シリーズ: | (Biblioteconomía y Administración Cultural ;
111) |
| 主題: | |
| タグ: |
タグなし, このレコードへの初めてのタグを付けませんか!
|
MARC
| LEADER | 00000nam^a2200000^a^4500 | ||
|---|---|---|---|
| 001 | 000182775 | ||
| 005 | 20250521000000.0 | ||
| 009 | 20260310102017.538 | ||
| 020 | |a 84-9704-144-5 | ||
| 037 | |a Acervo ITESO - Biblioteca | ||
| 041 | |a ESP | ||
| 082 | |a 025. 1 |b ABA | ||
| 100 | |a Abadal Falgueras, Ernest |e (autor) | ||
| 245 | 1 | 0 | |a Gestión de proyectos en información y documentación / |c E. Abadal Falgueras. |
| 264 | 4 | |a Gijón, España : |b Trea, |c 2004, c2004 | |
| 300 | |a 100 p. | ||
| 336 | |a texto |b txt |2 rdacontenido | ||
| 337 | |a sin mediación |b n |2 rdamedio | ||
| 338 | |a volumen |b nc |2 rdasoporte | ||
| 440 | 1 | |a (Biblioteconomía y Administración Cultural ; |v 111) | |
| 520 | |a Contiene: 1) ¿Qué es un proyecto?; 2) Estructura de un proyecto; 3) Métodos y técnicas de recogida de datos; 4) Financiación de proyectos; 5) Conclusiones: el decálogo del buen proyecto. | ||
| 649 | |a XX | ||
| 650 | |a Bibliotecas - |x Administración - |x Tema Principal | ||
| 650 | |a Información - |x Administración | ||
| 650 | |a Planeación Administrativa | ||
| 650 | |a Financiamiento (de Empresas, Proyectos, etc.) | ||
| 650 | |a Administración de Proyectos | ||
| 650 | |a Ciencias Administrativas | ||
| 650 | |a Documentación | ||
| 650 | |a Biblioteconomía | ||
| 650 | |a Bibliología | ||
| 910 | |a Fondo General | ||
| 920 | |a Impresos - Libros | ||
| 930 | |a Obras de Referencia | ||
| 940 | |a Biblioteconomía | ||
| 905 | |a 102 | ||
| 901 | |a 0500123058 |b IT2 |c REF |u 20250521 | ||
| 902 | |a https://opac.biblio.iteso.mx/vufind/Record/000182775 | ||